Who's Who in European politics
Saved in:
| Corporate Author: | |
|---|---|
| Format: | Book |
| Language: | English |
| Published: |
London :
Bowker-Saur,
c1997
|
| Edition: | 3rd ed. |
| Subjects: | |
| Tags: |
Add Tag
No Tags, Be the first to tag this record!
|
MARC
| LEADER | 00000nam a2200000 i 4500 | ||
|---|---|---|---|
| 001 | 1/83137 | ||
| 008 | 990528s1997 eng d | ||
| 020 | |a 1-85739-163-2 | ||
| 035 | |l 10051274 | ||
| 040 | |a GR-MY-UA |b gre |e aacr | ||
| 041 | 0 | |a eng | |
| 082 | 0 | |a 320.0922 | |
| 110 | 2 | |a Bowker-Saur. | |
| 245 | 1 | 0 | |a Who's Who in European politics |
| 250 | |a 3rd ed. | ||
| 260 | |a London : |b Bowker-Saur, |c c1997 | ||
| 300 | |a xxv, 873 σ.; |b χάρτες; |c 29 εκ. | ||
| 504 | |a Περιέχει ευρετήριο | ||
| 650 | 0 | 0 | |a Statesmen |z Europe |x Biography |x Dictionaries. |
| 650 | 0 | 0 | |a Politicians |z Europe |x Biography |x Dictionaries. |
| 650 | 0 | 0 | |a Legislators |z Europe |x Biography |x Dictionaries. |
| 852 | |a INST |b LESVOS |e 19990528 |h 320.0922 WHO |p 005100024468 |q 005100024468 |t REF |y 23 | ||
| 901 | |a BIBL1-2000-2 | ||
| 909 | |a Λ |b 062385 | ||
| 922 | |a 1ΕΛΗ |b 199812 |c ΚΠΣ/ΚΥΒ |d LEADER | ||
| 950 | |a 023-1998-09-14 | ||
| 970 | |a ΤΖΑΦΕΡΗ |b ΕΥΑΓΓΕΛΙΑ |z 2000/05/11 | ||